000 00568nam a2200229Ia 4500
003 OSt
005 20250313151000.0
008 210210b1964 xxu||||| |||| 00| 0 eng d
040 _cAL
041 _aeng
082 _a335/347
100 _aVISHWANATHAN (C)
_9206123
245 _aEssays in Indian economics
260 _aMadras
_bRochouse & Sons Pvt Ltd.,
_c1964
650 _aIndian
_9206124
650 _ain
_9206125
650 _aEssays
_9206126
650 _aeconomics
_9206127
690 _aIndian Economics
_9206128
906 _a004690
942 _2ddc
_cBK
999 _c127450
_d127450